Noodplan / (Record no. 797820)

MARC details
000 -LEADER
fixed length control field 00590nam a22002057b 4500
003 - CONTROL NUMBER IDENTIFIER
control field 3228
005 - DATE AND TIME OF LATEST TRANSACTION
control field 20260506093127.0
008 - FIXED-LENGTH DATA ELEMENTS--GENERAL INFORMATION
fixed length control field 260506b sa ||||e |||| 00| 1 AFR d
020 ## - INTERNATIONAL STANDARD BOOK NUMBER
International Standard Book Number 062701139X (hardback)
040 ## - CATALOGING SOURCE
Original cataloging agency MPL
Language of cataloging eng
Transcribing agency 3228
Description conventions Resource Description and Access
041 ## - LANGUAGE CODE
Language code of text/sound track or separate title Afrikaans
082 #0 - DEWEY DECIMAL CLASSIFICATION NUMBER
Classification number AF VAVV
100 ## - MAIN ENTRY--PERSONAL NAME
9 (RLIN) 123367
Personal name Van Vuuren, Annico
Relator term Author
245 ## - TITLE STATEMENT
Title Noodplan /
Statement of responsibility, etc. Author: Annico van Vuuren
250 ## - EDITION STATEMENT
Edition statement First edition
260 ## - PUBLICATION, DISTRIBUTION, ETC.
Place of publication, distribution, etc. Pretoria
Name of publisher, distributor, etc. J.L van Schaik
Date of publication, distribution, etc. © 1980
300 ## - PHYSICAL DESCRIPTION
Extent 139 pages :
Other physical details jacket ;
Dimensions 21 cm .
700 ## - ADDED ENTRY--PERSONAL NAME
9 (RLIN) 199427
Personal name Lategan, F.
Relator term Cover design
942 ## - ADDED ENTRY ELEMENTS
Source of classification or shelving scheme Dewey Decimal Classification
item type Books
-- 245
-- Izakina Blanche
-- 245
-- Izakina Blanche
Holdings
Withdrawn status Lost status Source of classification or shelving scheme Damaged status Not for loan Collection code Home library Current library Shelving location Date acquired Total Checkouts Full call number Barcode Date last seen Price effective from item type Public note
    Dewey Decimal Classification     Fiction Middelburg Regional Library Jeremiah Madonsela Public Library Fiction 06.05.2026   AF VAVV 33228018079770 06.05.2026 06.05.2026 Books 61325577